5HLuxD.jpg

KING HENRY VIII SENIOR AND PRIMARY SCHOOL LIBRARY OPAC

Eight nights, eight lights / (Record no. 4713)

000 -LEADER
fixed length control field 00454cam a2200133 i 4500
008 - FIXED-LENGTH DATA ELEMENTS--GENERAL INFORMATION
fixed length control field 240805t20222022enka a 000 j eng d
020 ## - INTERNATIONAL STANDARD BOOK NUMBER
International Standard Book Number 9781801042918
Qualifying information (hardcover) :
Terms of availability £12.99
020 ## - INTERNATIONAL STANDARD BOOK NUMBER
International Standard Book Number 1801042918
Qualifying information (hardcover) :
Terms of availability £12.99
082 0# - DEWEY DECIMAL CLASSIFICATION NUMBER
Classification number 224 BAR
Item number B261
100 1# - MAIN ENTRY--PERSONAL NAME
Personal name Barnes, Natalie,
Relator term author.
245 10 - TITLE STATEMENT
Title Eight nights, eight lights /
Statement of responsibility, etc. Natalie Barnes ; Andrea Stegmaier.
300 ## - PHYSICAL DESCRIPTION
Extent 24 unnumbered pages :
Other physical details color illustrations ;
Dimensions 27 cm.
942 ## - ADDED ENTRY ELEMENTS (KOHA)
Source of classification or shelving scheme
Holdings
Withdrawn status Lost status Source of classification or shelving scheme Damaged status Not for loan Collection code Permanent Location Current Location Shelving location Date acquired Total Checkouts Full call number Barcode Date last seen Date last checked out Price effective from Koha item type Public note
          Fiction KH8 Primary School Library KH8 Primary School Library Fiction 2025-03-11 1 224 BAR KHPL000006509 2026-02-09 2025-05-15 2025-03-11 Books - Fiction KH8 PRIMARY LIBRARY

Powered By KH8 IT Dept